Länder, die mit A beginnen - Statistiken

Allgemein
  • Dieses Quiz wurde 219 mal gespielt
  • Das Durchschnittsergebnis liegt bei 7 aus 9
Antwortstatistiken
Land % Korrekt
Albanien
82%
Armenien
81%
Aserbaidschan
79%
Andorra
76%
Argentinien
76%
Australien
74%
Algerien
69%
Afghanistan
68%
Antigua und Barbuda
57%
Keine übereinstimmenden Quizze gefunden
Verteilung der Resultate
Anzahl Personen mit jedem Resultat
Perzentil nach korrekt beantworteten Fragen
Ihre Resultats-Entwicklung
Sie haben dieses Quiz noch nicht gespielt